Studies on women and gender abstracts

Detalles Bibliográficos
Título anterior:Studies on women abstracts
Formato: Electrónico Seriadas
Lenguaje:inglés
Publicado: Abingdon, Oxfordshire : Carfax Pub., 2000-
Abingdon, Oxfordshire : Routledge/Taylor & Francis Group
Materias:
Acceso en línea:Full text available from Research Library: 01/01/2000 to 07/31/2000

MARC

LEADER 00000nas a2200000 a 4500
001 ssj0015647
003 WaSeSS
005 20200512172242.0
006 m d
007 cr n
008 000405d20002012enkfr s 0 0eng c
010 |a  00235290  
015 |a GBA033309  |2 bnb 
016 7 |a 020316704  |2 DE-101 
016 7 |a 2010475-3  |2 DE-600 
016 7 |a 009907470  |2 Uk 
022 |l 1467-596X  |y 1467-596X 
035 |a (WaSeSS)ssj0015647 
037 |b Studies on Women and Gender abstracts, Carfax Publishing, Taylor & Francis Ltd, 11 New Fetter Lane, London EC4P 4EE, UK 
040 |a TXH  |b eng  |c TXH  |d HLS  |d SYS  |d NSD  |d DLC  |d OCLCQ  |d NLGGC  |d CUS  |d CLU  |d OCLCQ  |d GBVCP  |d UKMGB  |d DLC  |d OCLCQ  |d OCLCF  |d PAU  |d OCLCQ  |d HLS  |d WaSeSS 
042 |a pcc 
050 0 0 |a HQ1180  |b .S78 
082 0 4 |a 305.405  |2 21 
210 0 |a Stud. women gend. abstr. 
222 0 |a Studies on women and gender abstracts 
245 0 0 |a Studies on women and gender abstracts  |h [electronic resource]. 
260 |3 2000- :  |a Abingdon, Oxfordshire :  |b Carfax Pub.,  |c 2000- 
260 3 |3 <June 2008-> :  |a Abingdon, Oxfordshire :  |b Routledge/Taylor & Francis Group 
310 |a Semiannual,  |b <June 2008-> 
321 |a Bimonthly,  |b 2000- 
362 0 |a Vol. 18, no. 1- 
362 1 |a Ceased with 2012. 
500 |a Title from cover. 
506 |a License restrictions may limit access. 
588 |a Latest issue consulted: Vol. 27, no. 1 (June 2009). 
650 0 |a Women's studies  |v Abstracts  |v Periodicals. 
650 7 |a Women's studies.  |2 fast  |0 (OCoLC)fst01178850 
650 1 7 |a Vrouwenstudies.  |2 gtt 
655 0 |a Electronic journals. 
780 0 0 |t Studies on women abstracts  |x 0262-5644  |w (DLC) 84643700  |w (OCoLC)9447685 
850 |a DLC  |a MH 
853 3 3 |8 1  |a v.  |b no.  |i (year) 
856 4 0 |z Full text available from Research Library: 01/01/2000 to 07/31/2000  |u https://search.proquest.com/publication/46358 
863 4 1 |8 1  |a <18>  |b <1>  |i <2000>  |x provisional